000 01786cam a2200409 a 4500
001 14721479
005 20081016063650.0
008 070202s2006 enk bf 001 0 eng d
010 _a2007271563
020 _a0199275696 (hbk. : alk. paper)
020 _a9780199275694 (hbk. : alk. paper)
020 _a9780199548460 (pbk)
035 _a(OCoLC)ocm71319923
035 _a(OCoLC)71319923
040 _aEQO
_cEQO
_dBAKER
_dMDY
_dYDXCP
_dORU
_dDLC
042 _alccopycat
050 0 0 _aJF51
_b.O95 2006
082 0 0 _a306.2
_222
_bOXF
245 0 4 _aThe Oxford Handbook of Political Institutions /
_cedited by R.A.W. Rhodes, Sarah A. Binder and Bert A. Rockman.
260 _aOxford ;
_aNew York :
_bOxford University Press,
_cc2006.
300 _axvii, 816 p. ;
_c26 cm.
490 1 _aOxford handbooks of political science
504 _aIncludes bibliographical references and indexes.
650 0 _aPublic institutions.
_96706
650 0 _aComparative government.
_96707
650 0 _aPolitical science.
_96708
650 0 _aAssociations, institutions, etc.
_96709
700 1 _aRhodes, R. A. W.
_96710
700 1 _aBinder, Sarah A.
_96711
700 1 _aRockman, Bert A.
_96712
830 0 _aOxford handbooks of political science.
_96713
856 4 1 _3Table of contents only
_uhttp://www.loc.gov/catdir/enhancements/fy0713/2007271563-t.html
856 4 2 _3Publisher description
_uhttp://www.loc.gov/catdir/enhancements/fy0725/2007271563-d.html
942 _2ddc
_cREFERENCE
999 _c11966
_d11966